| 000 | 00904nam a22002297a 4500 | ||
|---|---|---|---|
| 005 | 20240530110508.0 | ||
| 008 | 151025s2010 ua g b 000 0 ara d | ||
| 017 |
_a2010/43844 _bمصر . دار الكتب المصرية |
||
| 040 | _aEG-CaGPL | ||
| 082 | 0 | 4 |
_221 _a325.5694\ _bع ت |
| 100 | 0 | _aعبدالكريم العلوجى | |
| 245 | 1 | 2 |
_aالتاريخ اليهودى فى العراق / _cاعداد عبدالكريم العلوجى |
| 260 |
_aالقاهرة : _bمكتبة جزيرة الورد ، _c2010 . |
||
| 300 |
_a231 ص ؛ _c24 سم . |
||
| 504 | _aيشتمل على ارجاعات ببليوجرافية | ||
| 650 | 0 | 4 | _aالجاسوسية |
| 650 | 0 | 4 | _aالنزاع العربى الاسرائيلى |
| 650 | 0 | 4 |
_aاليهود _xالجواسيس _zالعراق |
| 650 | 0 | 4 | _aالتخريب و التدمير |
| 942 |
_2ddc _cBK |
||
| 999 |
_c61621 _d61621 |
||